00460nam a2200145 a 450000500170000000800410001702000180005805000200007610000340009624501010013026000290023130000190026065000160027965000190029520140412111303.0001109s19uu xx 00 eng d a971-529-023-X aFil EbIs1 1999 aBautista, Fenny delos Angeles aIsang mundong makabata :bbawat bata ay may karapatan /cteksto ni Feny De Los Angeles Bautista. aManila :bUNICEF,c1999. a[27] p. ; ill. aShort story aChildren story